| 000 | 00648nam a2200217 a 4500 | ||
|---|---|---|---|
| 005 | 20210223123849.0 | ||
| 008 | 991125n 000 0 spa u | ||
| 035 | _aUPN01000074131 | ||
| 100 | 1 |
_aAlvarez Constantino, Higilio _928713 |
|
| 222 |
_aEDUCACION : _bREVISTA DEL CONSEJO NACIONAL TECNICO DE LA EDUCACION |
||
| 245 | _aEducación rural : viejas necesidades, nuevas soluciones | ||
| 300 | _a34-43 | ||
| 362 | 0 | _a1979 Vol. 5, no. 28, abr.-jun. | |
| 653 | 0 | _aDESARROLLO CURRICULAR | |
| 653 | 0 | _aEDUCACION RURAL | |
| 653 | 0 | _aHISTORIA | |
| 653 | 0 | _aLEXICO | |
| 653 | 0 | _aSISTEMA EDUCATIVO | |
| 904 |
_aAC _b011942 |
||
| 905 | _aArticulo | ||
| 999 |
_c66770 _d66770 |
||